La genetique de la sicklemie et l'inter^et anthropologique de sa frequence en Afrique noire. (Record no. 196990)
[ view plain ]
| 000 -LEADER | |
|---|---|
| fixed length control field | 01439cam1a220022900 4500 |
| 001 - CONTROL NUMBER | |
| control field | tmp15416286 |
| 003 - CONTROL NUMBER IDENTIFIER | |
| control field | UPRA |
| 005 - DATE AND TIME OF LATEST TRANSACTION | |
| control field | 20190830121205.0 |
| 008 - FIXED-LENGTH DATA ELEMENTS--GENERAL INFORMATION | |
| fixed length control field | 950809s1952 be fre u |
| 035 ## - SYSTEM CONTROL NUMBER | |
| System control number | (Sirsi) r29185 |
| 035 ## - SYSTEM CONTROL NUMBER | |
| System control number | (UPRA)tmp15416286 |
| 040 ## - CATALOGING SOURCE | |
| Transcribing agency | UPRA |
| 100 1# - MAIN ENTRY--PERSONAL NAME | |
| Personal name | Hiernaux, Jean. |
| Linkage | A49068.1 |
| 245 13 - TITLE STATEMENT | |
| Title | La genetique de la sicklemie et l'inter^et anthropologique de sa frequence en Afrique noire. |
| 260 ## - PUBLICATION, DISTRIBUTION, ETC. | |
| Place of publication, distribution, etc. | Tervuren, |
| Date of publication, distribution, etc. | 1952. |
| 490 1# - SERIES STATEMENT | |
| Series statement | Annales du Musee Royal du Congo Belge. Ser. in 8 , Sciences de l'homme. Anthropologie ; |
| Volume/sequential designation | v. 2 |
| 504 ## - BIBLIOGRAPHY, ETC. NOTE | |
| Bibliography, etc. note | Bibliography: p. 41-42. |
| 650 #0 - SUBJECT ADDED ENTRY--TOPICAL TERM | |
| Topical term or geographic name entry element | Sickle cell anemia -- Africa. |
| Geographic subdivision | Sickle cell anemia -- Africa. |
| Linkage | S67052.1 |
| 810 1# - SERIES ADDED ENTRY--CORPORATE NAME | |
| Corporate name or jurisdiction name as entry element | Tervuren (Belgium). Musee Royal du Congo Belge. Annales. Ser. in 8 , Sciences de l'homme. Anthropologie ; |
| Subordinate unit | Tervuren (Belgium). Musee Royal du Congo Belge. Annales. Ser. in 8 , Sciences de l'homme. Anthropologie ; |
| Title of a work | Tervuren (Belgium). Musee Royal du Congo Belge. Annales. Ser. in 8 , Sciences de l'homme. Anthropologie ; |
| Number of part/section/meeting | Tervuren (Belgium). Musee Royal du Congo Belge. Annales. Ser. in 8 , Sciences de l'homme. Anthropologie ; |
| Name of part/section of a work | Tervuren (Belgium). Musee Royal du Congo Belge. Annales. Ser. in 8 , Sciences de l'homme. Anthropologie ; |
| -- | Tervuren (Belgium). Musee Royal du Congo Belge. Annales. Ser. in 8 , Sciences de l'homme. Anthropologie ; |
| Volume/sequential designation | v. 2. |
| Linkage | S14125.1 |
| 949 ## - LOCAL PROCESSING INFORMATION (OCLC) | |
| a | DT641.M8 |
| w | lcc |
| i | -31867 |
| m | MAIN |
| t | BOOK |
| l | ON-SHELF |
No items available.